000 00853nam a22001817a 4500
999 _c63403
_d63403
003 Ge_BSU
005 20251001152400.0
008 251001s1966 ge ||||| |||| 00| 0 geo d
041 _ageo
080 _a321:172(47+57) : 908(479.22) თ-40
100 _aთევზაძე, გივი,
_925916
245 _aმიწის ღიმილი :
_b[ნარკვევები კომუნისტური შრომის ადამიანებზე] /
_cგივი თევზაძე.
264 _aთბ. :
_bსაბჭ. საქართველო,
_c1966.
300 _a194 გვ. ;
_b20 სმ.
653 _aკომუნისტური მშენებლობა საქართველოში
653 _aსაბჭოთა პატრიოტიზმი
942 _2udc
_cᲬᲘᲒᲜᲘ